| 000 | 00378 a2200157 4500 | ||
|---|---|---|---|
| 001 | 194293 | ||
| 020 | _a978-85-262-5499-2 | ||
| 040 | _cMagnum | ||
| 100 | _aMoraes, Antonieta Dias de | ||
| 240 | 1 | 0 |
_aOs dois tatus e o berimbau _lpor |
| 245 | 1 | 0 | _aOs dois tatus e o berimbau |
| 300 | _a23 | ||
| 362 | 0 | _a2010 | |
| 697 | _aLÍNGUA - LINGÜÍSTICA - LITERATURA | ||
| 942 | _cBK | ||
| 999 |
_c194293 _d194293 |
||